Pierce The Veil - Hell Above Lyrics - Statistics

General Stats
  • This quiz has been taken 24 times
  • The average score is 204 of 262
Answer Stats
Answer % Correct
a
100%
above
100%
heaven
100%
hell
100%
I
100%
"I
100%
alone
92%
But
92%
but
92%
for
92%
in
92%
is
92%
me
92%
me,
92%
me?"
92%
me)
92%
me?
92%
my
92%
on
92%
only
92%
over
92%
The
92%
the
92%
there,
92%
there's
92%
this
92%
This
92%
(This
92%
wasteland,
92%
wasteland
92%
"What
92%
what
92%
With
92%
with
92%
you
92%
you,
92%
You
92%
and
85%
And
85%
retreat
85%
to
85%
We
85%
we're
85%
both
77%
breath
77%
Cannot
77%
Cause
77%
close
77%
consequence
77%
difference
77%
don't
77%
eyes
77%
home
77%
if
77%
I'm
77%
leave,
77%
Like
77%
like
77%
love?
77%
love
77%
now
77%
real
77%
slow
77%
so
77%
take
77%
what's
77%
when
77%
who
77%
another
69%
anymore
69%
beg
69%
cherry
69%
her
69%
need
69%
night
69%
second,
69%
She
69%
spend
69%
tied
69%
tongue
69%
water
69%
your
69%
burn
62%
fell
62%
free
62%
friends
62%
girl
62%
kiss
62%
looked
62%
mouth,
62%
pavement,
62%
rain
62%
stem
62%
sugar
62%
we'll
62%
Well,
62%
about
54%
air
54%
all
54%
end
54%
father
54%
it
54%
lukewarm
54%
met
54%
never
54%
rusted,
54%
that
54%
-up!
54%
are
46%
down
46%
fall
46%
feel
46%
fire
46%
from
46%
gave
46%
glass
46%
name
46%
of
46%
said,
46%
say,
46%
unclean
46%
us?"
46%
waited
46%
apart
38%
asleep
38%
gallows,
38%
hearts
38%
it's
38%
Kerosene
38%
know
38%
run
38%
street
38%
'til
38%
carry
31%
face
31%
honor
31%
through
31%
wolf
31%
Hang
23%
hard,
23%
let
15%
jump,
8%
Paralyze
8%
No matching quizzes found
Score Distribution
Percent of People with Each Score
Percentile by Number Answered
Your Score History
You have not taken this quiz